000 00447nam a2200169Ia 4500
999 _c956
_d956
003 OSt
005 20190927194251.0
008 190722s9999 xx 000 0 und d
020 _a978-9332585874
040 _cmaju
100 _aRobbins, Coulter, Vohra
245 0 _aManagement
260 _aNew Delhi (India)
_bDorling Kindersley India Pvt. Ltd. / Pearson India Education services
_c2016
300 _a548p.:
942 _cBK
_2ddc
942 _2ddc